|
|
|
|
| LEADER |
01618cas a2200385 a 4500 |
| 001 |
c000400352 |
| 003 |
CARM |
| 005 |
20171205102804.0 |
| 008 |
171205d19952001tmaqr p 0 a0eng d |
| 019 |
1 |
|
|a 12211071
|5 LACONCORD2021
|
| 022 |
1 |
|
|a 1325-8877
|
| 022 |
|
|
|z 1039-5695
|
| 024 |
8 |
|
|a ISSN/JAN2002
|
| 035 |
|
|
|a (OCoLC)221798351
|5 LACONCORD2021
|
| 040 |
|
|
|a SUSA
|b eng
|c SUSA
|d NSL
|d ANL
|
| 042 |
|
|
|a anuc
|
| 082 |
0 |
4 |
|a 333.7205
|2 20
|
| 222 |
|
0 |
|a Significant environmental speeches
|
| 245 |
0 |
0 |
|a Significant environmental speeches :
|b the best current thinking on the environment.
|
| 246 |
3 |
0 |
|a Significant speeches
|
| 260 |
|
|
|a Hobart :
|b Guy Barnett and Associates,
|c 1995-2001.
|
| 300 |
|
|
|a v. ;
|c 30 cm.
|
| 362 |
0 |
|
|a Vol. 4, no. 4 (spring 1995)-v. 10, no. 3/4 (winter/spring 2001)
|
| 500 |
|
|
|a Cover title.
|
| 510 |
2 |
|
|a APAIS. This database is available on the Informit Online Internet Service, http://www.informit.com.au or on CD-ROM, http://www.rmitpublishing.com.au
|
| 510 |
2 |
|
|a Australian Public Affairs - Full Text
|
| 583 |
|
|
|a ISSN registration
|b 01
|c 19980312
|c 20020121
|5 ANL
|
| 650 |
|
0 |
|a Conservation of natural resources
|v Periodicals.
|
| 780 |
0 |
0 |
|t Significant speeches
|x 1039-5695
|
| 852 |
8 |
|
|b CARM
|p 0489313
|j 4:4(1995:Spr.)-9:4(2000:Spr.)
|f SE
|
| 852 |
8 |
|
|b SCAN
|h A3:AH26E0
|i F09560
|p 0489313
|f SE
|
| 866 |
|
0 |
|a 4:4(1995:Spr.)-9:4(2000:Spr.)
|
| 999 |
f |
f |
|i ed5ed59d-b399-5417-b155-2a84dc6d64a9
|s 7f71481f-30cb-544c-bdec-7ebe3946b693
|
| 952 |
f |
f |
|p Can circulate
|a CAVAL
|b CAVAL
|c CAVAL
|d CARM 1 Store
|i book
|m 0489313
|
| 952 |
f |
f |
|a CAVAL
|b CAVAL
|c CAVAL
|d Unmapped Location
|e F09560
|f A3:AH26E0
|h Other scheme
|